| 000 | 00412 a2200133 4500 | ||
|---|---|---|---|
| 003 | Nust | ||
| 005 | 20170207154540.0 | ||
| 040 | _cNust | ||
| 082 | _a799 | ||
| 245 |
_aInauguration Ceremony Faculty Accn (Photo Album Vol No. 2, 2003) _cMCS |
||
| 260 |
_aRawalpindi _bMCS _c16-05-2003 |
||
| 650 | _a Pictures of Inauguration Ceremony Faculty Accn in MCS,(Photo Album Vol No. 2, 2003,CD-NO-11) | ||
| 651 | _a Sweet Memories-MCS | ||
| 942 | _cBK | ||
| 999 |
_c198293 _d198293 |
||